000 00539nam a22001577a 4500
005 20180728103335.0
020 _a0195665864
_c495.00
035 _aB-163261, B-163260
037 _aDPL
_bENG
100 _aGanguly, Sumit
245 _aFearful Symmetry :
_bIndia-Pakistan crises in the shadow of Nuclear weapons /
_cby Sumit Ganguly and Devin T. Hagerty
260 _aNew Delhi
_bOxford University Press
_c2005
300 _aix, 223p.;
_c20 cms.
700 _aHagerty, Devin T.
_946216
942 _2ddc
_cEN
_h327.540549
_mGAN
999 _c65991
_d65991